Statistics for New Hampshire Governors

Click here to take the quiz!

General Stats

  • This quiz has been taken 23 times
    (8 since last reset)
  • The average score is 6 of 93

Answer Stats

PartyTermGovernor% Correct
93Republican2017 - PresentChris Sununu
88%
92Democrat2013 - 2017Maggie Hassan
75%
86Republican1983 - 1989John H. Sununu
75%
89Democrat1997 - 2003Jeanne Shaheen
63%
53Republican1893 - 1895John Butler Smith
38%
9Federalist1809 - 1810Jeremiah Smith
38%
91Democrat2005 - 2013John Lynch
25%
87Republican1989 - 1993Judd Gregg
13%
90Republican2003 - 2005Craig Benson
13%
29Democrat1847 - 1849Jared W. Williams
13%
83Republican1973 - 1979Meldrim Thomson, Jr.
13%
77Republican1949 - 1953Sherman Adams
13%
68Democrat1923 - 1925Fred H. Brown
13%
67Republican1921 - 1923Albert O. Brown
13%
66Republican1919 - 1921John H. Bartlett
13%
45Republican1877 - 1879Benjamin F. Prescott
13%
32Democrat1854 - 1855Nathaniel B. Baker
13%
1No Party1776 - 1785Meshech Weare
13%
3Federalist1786 - 1788John Sullivan
13%
5Federalist1789 - 1790John Sullivan
13%
6Democratic-Republican1790 - 1794Josiah Bartlett
13%
19Democrat1829 - 1830Benjamin Pierce
0%
14Democratic-Republican1819 - 1823Samuel Bell
0%
71Republican1929 - 1931Charles W. Tobey
0%
70Republican1927 - 1929Huntley N. Spaulding
0%
69Republican1925 - 1927John Gilbert Winant
0%
12Federalist1813 - 1816John Taylor Gilman
0%
13Democratic-Republican1816 - 1819William Plumer
0%
63Democrat1913 - 1915Samuel D. Felker
0%
65Republican1917 - 1919Henry W. Keyes
0%
64Republican1915 - 1917Rolland H. Spaulding
0%
73Republican1935 - 1937Styles Bridges
0%
62Republican1911 - 1913Robert P. Bass
0%
61Republican1909 - 1911Henry B. Quinby
0%
60Republican1907 - 1909Charles M. Floyd
0%
59Republican1905 - 1907John McLane
0%
72Republican1931 - 1935John Gilbert Winant
0%
76Republican1945 - 1949Charles M. Dale
0%
74Republican1937 - 1941Francis P. Murphy
0%
10Democratic-Republican1810 - 1812John Langdon
0%
4Democratic-Republican1788 - 1789John Langdon
0%
88Republican1993 - 1997Steve Merrill
0%
7Federalist1794 - 1805John Taylor Gilman
0%
8Democratic-Republican1805 - 1809John Langdon
0%
85Republican1982 - 1983Vesta M. Roy
0%
84Democrat1979 - 1982Hugh J. Gallen
0%
82Republican1969 - 1973Walter R. Peterson, Jr.
0%
75Republican1941 - 1945Robert O. Blood
0%
81Democrat1963 - 1969John W. King
0%
80Republican1959 - 1963Wesley Powell
0%
79Republican1955 - 1959Lane Dwinell
0%
78Republican1953 - 1955Hugh Gregg
0%
11Democratic-Republican1812 - 1813William Plumer
0%
57Republican1901 - 1903Chester B. Jordan
0%
58Republican1903 - 1905Nahum J. Bachelder
0%
56Republican1899 - 1901Frank W. Rollins
0%
20Democrat1830 - 1831Matthew Harvey
0%
18National Republican1828 - 1829John Bell
0%
35Republican1859 - 1861Ichabod Goodwin
0%
34Republican1857 - 1859William Haile
0%
33Know Nothing1855 - 1857Ralph Metcalf
0%
17Democratic-Republican1827 - 1828Benjamin Pierce
0%
31Democrat1852 - 1854Noah Martin
0%
30Democrat1849 - 1852Samuel Dinsmoor, Jr.
0%
28Whig1846 - 1847Anthony Colby
0%
37Republican1863 - 1865Joseph A. Gilmore
0%
27Democrat1844 - 1846John H. Steele
0%
26Democrat1842 - 1844Henry Hubbard
0%
25Democrat1839 - 1842John Page
0%
24Democrat1836 - 1839Isaac Hill
0%
23Democrat1834 - 1836William Badger
0%
22Democrat1831 - 1834Samuel Dinsmoor
0%
21Democrat1831 - 1831Joseph M. Harper
0%
36Republican1861 - 1863Nathaniel S. Berry
0%
38Republican1865 - 1867Frederick Smyth
0%
55Republican1897 - 1899George A. Ramsdell
0%
48Republican1883 - 1885Samuel W. Hale
0%
54Republican1895 - 1897Charles A. Busiel
0%
15Democratic-Republican1823 - 1824Levi Woodbury
0%
52Republican1891 - 1893Hiram A. Tuttle
0%
51Republican1889 - 1891David H. Goodell
0%
50Republican1887 - 1889Charles H. Sawyer
0%
49Republican1885 - 1887Moody Currier
0%
2No Party1785 - 1786John Langdon
0%
39Republican1867 - 1869Walter Harriman
0%
46Republican1879 - 1881Natt Head
0%
16Democratic-Republican1824 - 1827David L. Morril
0%
44Republican1875 - 1877Person C. Cheney
0%
43Democrat1874 - 1875James A. Weston
0%
42Republican1872 - 1874Ezekiel A. Straw
0%
41Democrat1871 - 1872James A. Weston
0%
40Republican1869 - 1871Onslow Stearns
0%
47Republican1881 - 1883Charles H. Bell
0%

Score Distribution

Percentile by Number Answered

Percent of People with Each Score

Your Score History

You have not taken this quiz since the last reset